Voľnočasové aktivity z medicínsko-preventívneho hľadiska

Bibliographic Details
Main Author: Lukáčová, Hana (Author)
Format: Article
Language:Slovak
Subjects:

MARC

LEADER 00000nab a2200000 a 4500
001 vtls000444970
003 SK-MaSNL
005 20260303210753.0
008 220422c1992 xo 0 slo
015 |a SNBRA19rr/mm-uuuuu 
035 |a CL0445100 
040 |a SNKBUCL  |b slo  |c SNKBUCL  |e AACR2 
041 0 |a slo 
044 |a xo  |c SK 
080 |a 379.8:613.86  |2 1981 
080 |a 613.86  |2 1981 
100 1 |a Lukáčová, Hana  |4 aut  |9 208279 
245 1 0 |a Voľnočasové aktivity z medicínsko-preventívneho hľadiska  |c Hana Lukáčová 
650 0 7 |a voľný čas  |2 snkbucl  |9 3355 
655 7 |a články zo zborníkov  |2 snkbucl  |9 166140 
773 0 |t Architektonická tvorba voľnočasových aktivít  |d Bratislava : Dom techniky ZSVTS, 1992 
850 |a Slovenská národná knižnica v Martine  |a MTA001 
852 |a SNK  |b KIS3GCP 
958 |a RK 
958 |a ME 
992 |a RZB 
999 |c 2201575  |d 2203505